زها تحب القراءة / (رقم التسجيلة. 112475)

تفاصيل مارك
000 -LEADER
fixed length control field 00771nam a22002297a 4500
005 - DATE AND TIME OF LATEST TRANSACTION
control field 20251108174552.0
008 - FIXED-LENGTH DATA ELEMENTS--GENERAL INFORMATION
fixed length control field 250721s9999 xx 000 0 ara d
082 14 - DEWEY DECIMAL CLASSIFICATION NUMBER
Classification number ط/372.241/عمر
100 1# - MAIN ENTRY--PERSONAL NAME
Personal name عمرو، محمد جمال
Relator term مؤلف
245 10 - TITLE STATEMENT
Title زها تحب القراءة /
264 1# - PRODUCTION, PUBLICATION, DISTRIBUTION, MANUFACTURE, AND COPYRIGHT NOTICE
Place of production, publication, distribution, manufacture عمان :
Name of producer, publisher, distributor, manufacturer السادة مركز زها الثقافي للأطفال - إهداء،
Date of production, publication, distribution, manufacture, or copyright notice [200-].
300 ## - PHYSICAL DESCRIPTION
Extent 2 ص .مص.
490 0# - SERIES STATEMENT
Series statement ألعاب زها
Volume/sequential designation 1
650 17 - SUBJECT ADDED ENTRY--TOPICAL TERM
Topical term or geographic name as entry element التعليم
650 17 - SUBJECT ADDED ENTRY--TOPICAL TERM
Topical term or geographic name as entry element الاطفال
650 17 - SUBJECT ADDED ENTRY--TOPICAL TERM
Topical term or geographic name as entry element رياض الاطفال
653 ## - INDEX TERM--UNCONTROLLED
Uncontrolled term العاب تعليميه
653 ## - INDEX TERM--UNCONTROLLED
Uncontrolled term اطفال مرحله متوسطه ( 6 - 9 سنوات )
700 1# - ADDED ENTRY--PERSONAL NAME
Personal name الكباريتي، رلشد
Relator term رسام
942 ## - ADDED ENTRY ELEMENTS (KOHA)
Source of classification or shelving scheme Dewey Decimal Classification
Koha item type كتب
المقتنيات
حالة السحب حالة الفقدان مصدر التصنيف حالة التلف غير قابل للإعارة المكتبة الرئيسية المكتبة الحالية موقع الرف تاريخ التزويد الرقم المتسلسل Total Checkouts رقم الإستدعاء الباركود تاريخ آخر ظهور تاريخ الفاتورة نوع المادة (كوها)
    Dewey Decimal Classification     المكتبة المركزية المكتبة المركزية مقتنيات قسم التزويد 28/07/2025 1192614   ط/372.241/عمر PLD00014244 28/07/2025 28/07/2025 كتب
    Dewey Decimal Classification     المكتبة المركزية المكتبة المركزية مقتنيات قسم التزويد 28/07/2025 1192615   ط/372.241/عمر   28/07/2025 28/07/2025 كتب
    Dewey Decimal Classification     المكتبة المركزية المكتبة المركزية مقتنيات قسم التزويد 28/07/2025 1192616   ط/372.241/عمر   28/07/2025 28/07/2025 كتب
    Dewey Decimal Classification     المكتبة المركزية المكتبة المركزية مقتنيات قسم التزويد 28/07/2025 1192617   ط/372.241/عمر   28/07/2025 28/07/2025 كتب
    Dewey Decimal Classification     مكتبة الأميرة سلمى مكتبة الأميرة سلمى الأطفال 27/05/2008 1192656   ط/372.241/عمر PLD00014432 28/07/2025 27/05/2008 كتب
    Dewey Decimal Classification     مكتبة البراءة للأطفال مكتبة البراءة للأطفال الأطفال 27/05/2008 1192661   ط/372.241/عمر PLD00014438 28/07/2025 27/05/2008 كتب
    Dewey Decimal Classification     مكتبة البيادر مكتبة البيادر الأطفال 27/05/2008 1192660   ط/372.241/عمر PLD00014437 28/07/2025 27/05/2008 كتب
    Dewey Decimal Classification     مكتبة الراية الهاشمية للأطفال مكتبة الراية الهاشمية للأطفال الأطفال 27/05/2008 1192650   ط/372.241/عمر PLD00014427 28/07/2025 27/05/2008 كتب
    Dewey Decimal Classification     مكتبة الياسمين للأطفال مكتبة الياسمين للأطفال الأطفال 27/05/2008 1192655   ط/372.241/عمر PLD00014433 28/07/2025 27/05/2008 كتب
    Dewey Decimal Classification     مكتبة بدر الجديدة للأطفال مكتبة بدر الجديدة للأطفال الأطفال 27/05/2008 1192653   ط/372.241/عمر PLD00014430 28/07/2025 27/05/2008 كتب
    Dewey Decimal Classification     مكتبة بدر للأطفال مكتبة بدر للأطفال الأطفال 27/05/2008 1192652   ط/372.241/عمر PLD00014429 28/07/2025 27/05/2008 كتب
    Dewey Decimal Classification     مكتبة مرج الحمام مكتبة مرج الحمام الأطفال 27/05/2008 1192636   ط/372.241/عمر PLD00014413 28/07/2025 27/05/2008 كتب
    Dewey Decimal Classification     مكتبة مرج الحمام مكتبة مرج الحمام الأطفال 27/05/2008 1192637   ط/372.241/عمر PLD00014414 28/07/2025 27/05/2008 كتب
    Dewey Decimal Classification     مكتبةمؤتة مكتبةمؤتة الأطفال 27/05/2008 1192659   ط/372.241/عمر PLD00014436 28/07/2025 27/05/2008 كتب
Implemented & Customized by: BBB with SCIT (Smart Chains for Information Technology)

Powered by Koha